Score 0/20 Timer 05:00
0 Plays Today
Title missing 1 word Missing word % Correct
War _ _ _ _ _ Horse
91.5%
Friend or _ _ _Foe
90.5%
Private _ _ _ _ _ _ _ _ Peaceful
86.6%
The Butterfly _ _ _ _Lion
83.6%
Running _ _ _ _Wild
78.1%
_ _ _ _ to runBorn
78.1%
Billy the _ _ _ Kid
76.6%
_ _ _ _ _ _ _'_ KingdomKensuke's
73.1%
_ _ _ _ ToroToro
73.1%
Why the _ _ _ _ _ _ cameWhales
72.1%
Title missing 1 word Missing word % Correct
An _ _ _ _ _ _ _ _ in the gardenElephant
71.6%
_ _ _ _ _ on a wide, wide seaAlone
65.2%
The wreck of the _ _ _ _ _ _ _ _Zanzibar
61.2%
_ _ _ _ _ _ _ BearDancing
56.7%
_ _ _ _ _ _ _ for AnyaWaiting
55.7%
The war of Jenkins' _ _ _Ear
55.2%
Dear _ _ _ _Olly
52.2%
_ _ _ _ _ _ ManfredLittle
46.3%
_ _ _ _ BoyFarm
45.3%
The _ _ _ _ _ of Grania O'MalleyGhost
44.3%
Remove Ads.
Support Sporcle.
Get the best of Sporcle when you Go Orange. This ad-free experience offers more features, more stats, and more fun while also helping to support Sporcle. Thank you for becoming a member.

You're not logged in!

Compare scores with friends on all Sporcle quizzes.
OR
Log In

Show Comments

Extras

Created Dec 23, 2014ReportNominate
Tags:Book Quiz, michael

Top Quizzes Today


Score Distribution

Your Account Isn't Verified!

In order to create a playlist on Sporcle, you need to verify the email address you used during registration. Go to your Sporcle Settings to finish the process.

Report this User

Report this user for behavior that violates our Community Guidelines.

Details: